000 00824nam a2200277Ia 4500
003 OSt
005 20220926012026.0
006 a|||||r|||| 00| 0
007 ta
008 220923b |||||||| |||| 00| 0 eng d
020 _a0735530483
037 _cGeneral Book
040 _aRTL
_cRTL
_beng
041 _2eng
_aeng
082 _aX65:8:(Z), P4
100 _aBines Harvey E
_9315429
245 0 _aInvestment management law and regulation
250 _aEd.2
260 _aNew York
_bAspen
_c2004
300 _a927p
_ccm.
500 _aBibliography p823-858; Previously published as,' Law of investment management'
650 _aPortfolio Management
_9233472
700 _a Thel Steve
_9315430
942 _hX65:8:(Z), P4
_cGB
_2CC
999 _c621567
_d621567